[Event "Russian Cup Final KO"]
[Site "Magnitogorsk RUS"]
[Date "2011.11.13"]
[Round "1.1"]
[White "Aleksandrov, Aleksej"]
[Black "Maletin, Pavel"]
[Result "1/2-1/2"]
[WhiteTitle "GM"]
[BlackTitle "GM"]
[WhiteElo "2626"]
[BlackElo "2568"]
[WhiteFideId "13500139"]
[BlackFideId "4146786"]
[EventDate "2011.11.13"]

1. d4 Nf6 2. c4 e6 3. Nc3 Bb4 4. e3 O-O 5. Bd3 c5 6. Nf3 d5 7. O-O cxd4 8. exd4
dxc4 9. Bxc4 b6 10. Bf4 Bb7 11. Rc1 Nc6 12. h3 Rc8 13. Qd3 Bd6 14. Ne5 Nb4 15.
Qe2 Nfd5 16. Bd2 Bb8 17. Rfd1 Nc6 18. Bxd5 exd5 19. Nxc6 Rxc6 20. Qh5 Re6 21. a3
Rfe8 22. Re1 h6 23. Rxe6 Rxe6 24. Re1 Rxe1+ 25. Bxe1 Qd6 26. g3 Qe6 27. Bd2 Bc6
28. Qg4 Qxg4 29. hxg4 g5 30. Nd1 Bd7 31. Ne3 Kg7 32. Kg2 Kg6 33. f3 Be6 34. Bb4
Bc7 35. a4 f6 36. Be7 Kf7 37. Ba3 Kg6 38. Be7 Kf7 39. Ba3 Kg6 40. Be7 Kf7 1/2-1/2

[Event "Russian Cup Final KO"]
[Site "Magnitogorsk RUS"]
[Date "2011.11.13"]
[Round "1.1"]
[White "Andriasian, Zaven"]
[Black "Dvoirys, Semen I."]
[Result "1/2-1/2"]
[WhiteTitle "GM"]
[BlackTitle "GM"]
[WhiteElo "2619"]
[BlackElo "2592"]
[WhiteFideId "13302000"]
[BlackFideId "4100379"]
[EventDate "2011.11.13"]

1. e4 c5 2. Nf3 d6 3. d4 cxd4 4. Nxd4 Nf6 5. Nc3 a6 6. Be3 e5 7. Nf3 Qc7 8. a4
Qc6 9. Ra3 Nbd7 10. Bb5 Qc7 11. Bxd7+ Bxd7 12. Bg5 Rc8 13. Bxf6 gxf6 14. O-O Be6
15. Ra1 Rg8 16. Nh4 Qb6 17. Rb1 Rc4 18. Qf3 Qc6 19. Nf5 Bxf5 20. Qxf5 Qd7 21.
Qxf6 Qg4 22. g3 Rg6 23. Qf5 Qxf5 24. exf5 Rg5 25. Nd5 Rxa4 26. b3 Rd4 27. Ne3
Bh6 28. Rbd1 Rh5 29. Nc4 b5 30. Nxd6+ Ke7 31. Rxd4 exd4 32. Ne4 Rxf5 33. Ra1 Re5
34. Rxa6 Rxe4 35. Rxh6 Re2 36. Rh4 Rxc2 37. Rxd4 Rc3 38. b4 Rb3 39. Kg2 Kf6 40.
Rf4+ Kg6 41. Kf1 Rb2 42. Rd4 f6 43. Kg2 Rb3 44. Rf4 h5 45. Kh3 Rb2 46. Kh4 Rc2
47. g4 hxg4 48. Kxg4 Rc1 49. h4 Rb1 50. Rd4 Rg1+ 51. Kf3 Rh1 52. Rf4 Re1 53.
Rg4+ Kf5 54. Rf4+ Ke5 55. Rg4 Kf5 56. Rd4 Ke5 57. Rg4 1/2-1/2

[Event "Russian Cup Final KO"]
[Site "Magnitogorsk RUS"]
[Date "2011.11.13"]
[Round "1.1"]
[White "Bocharov, Dmitry"]
[Black "Amonatov, Farrukh"]
[Result "1-0"]
[WhiteTitle "GM"]
[BlackTitle "GM"]
[WhiteElo "2609"]
[BlackElo "2609"]
[WhiteFideId "4138716"]
[BlackFideId "14700077"]
[EventDate "2011.11.13"]

1. d4 d5 2. c4 c6 3. Nf3 Nf6 4. e3 Bg4 5. Nc3 e6 6. h3 Bxf3 7. Qxf3 Nbd7 8. Bd3
Bb4 9. Bd2 O-O 10. a3 Ba5 11. O-O Re8 12. Qd1 e5 13. cxd5 cxd5 14. Qb3 Qb6 15.
Qa4 Qd8 16. Rfd1 exd4 17. exd4 Bxc3 18. Bxc3 Ne4 19. Be1 Nb6 20. Qb3 Qf6 21.
Rac1 Re7 22. a4 Qxd4 23. a5 Nc4 24. Bxc4 dxc4 25. Rxc4 Qf6 26. f3 Ng5 27. Bh4 h6
28. Rg4 Rc7 29. f4 Qe6 30. Qxe6 Nxe6 31. f5 Nf8 32. Bf6 g6 33. Bc3 Re8 34. Rd6
h5 35. Rgd4 gxf5 36. R4d5 Ng6 37. Rxf5 h4 38. Kf1 Rce7 39. Rd4 a6 40. Rb4 Rd7
41. Rd4 Rde7 42. Rf6 Re4 43. Rd7 R4e7 44. Rxe7 Rxe7 45. Rd6 Kh7 46. Kf2 Nf4 47.
Kf3 Ng6 48. Rd5 Kh6 49. Rd8 Ne5+ 50. Kf4 Ng6+ 51. Kf5 Re2 52. Rd2 Re1 53. Rf2
Re6 54. Rc2 Ne7+ 55. Kg4 Kg6 56. Rd2 Nf5 57. Kf4 Rc6 58. Rd8 Rc4+ 59. Kf3 f6 60.
Rd7 Kg5 61. Rxb7 Rf4+ 62. Ke2 Ng3+ 63. Kd3 Ne4 64. Bd4 Nf2+ 65. Kc4 Rf5 66. b4
Ne4 67. Rb6 Kf4 68. Rxa6 Rg5 69. Bxf6 Rxg2 70. Bxh4 Rc2+ 71. Kb3 Rc3+ 72. Ka4
Rxh3 73. Bf6 Kf5 74. Bg7 Rg3 75. Ra7 Ke6 76. a6 Rg2 77. Bd4 Kd5 78. Bb6 Kc6 79.
Ba5 Nc3+ 80. Kb3 Nb5 81. Rb7 Rg3+ 82. Kb2 Rg2+ 83. Kc1 Nd4 84. Rb6+ Kd5 85. a7
Ne2+ 86. Kd2 1-0

[Event "Russian Cup Final KO"]
[Site "Magnitogorsk RUS"]
[Date "2011.11.13"]
[Round "1.1"]
[White "Geller, Jakov"]
[Black "Matlakov, Maxim"]
[Result "1-0"]
[WhiteTitle "IM"]
[BlackTitle "GM"]
[WhiteElo "2563"]
[BlackElo "2632"]
[WhiteFideId "4151984"]
[BlackFideId "4168003"]
[EventDate "2011.11.13"]

1. e4 e6 2. d4 d5 3. Nc3 Nf6 4. e5 Nfd7 5. f4 c5 6. Nf3 Nc6 7. Be3 Be7 8. Qd2
O-O 9. Be2 a6 10. O-O b5 11. Nd1 cxd4 12. Nxd4 Bb7 13. Nxc6 Bxc6 14. Bd4 Qc7 15.
Qe3 Rae8 16. Nf2 Bb7 17. Bd3 Nc5 18. Ng4 Nxd3 19. Nf6+ 1-0

[Event "Russian Cup Final KO"]
[Site "Magnitogorsk RUS"]
[Date "2011.11.13"]
[Round "1.1"]
[White "Khismatullin, Denis"]
[Black "Onischuk, Vladimir"]
[Result "1-0"]
[WhiteTitle "GM"]
[BlackTitle "IM"]
[WhiteElo "2660"]
[BlackElo "2518"]
[WhiteFideId "4142578"]
[BlackFideId "14114038"]
[EventDate "2011.11.13"]

1. d4 d6 2. Nf3 Nf6 3. c4 g6 4. g3 Bg7 5. Bg2 O-O 6. Nc3 Nbd7 7. O-O e5 8. e4
Re8 9. h3 c6 10. Be3 b6 11. b4 a5 12. b5 c5 13. dxe5 dxe5 14. Qc2 Nf8 15. Rad1
N6d7 16. Nh2 Ne6 17. f4 Nd4 18. Qf2 Bb7 19. f5 Qe7 20. Ng4 h5 21. f6 Qe6 22.
fxg7 hxg4 23. Nd5 Kxg7 24. Nc7 Qe7 25. hxg4 Rf8 26. Nxa8 Bxa8 27. Qd2 Rh8 28.
Rf2 Rh7 29. Rdf1 Kg8 30. g5 Qe6 31. Qd3 Qg4 32. Bxd4 cxd4 33. c5 Nxc5 34. Qc4
Qxg3 35. Rf3 Qh2+ 36. Kf2 Qh4+ 37. Kg1 Bxe4 38. Rh3 Qxg5 39. Rf2 Bxg2 40. Rxg2
Qf5 41. Rxh7 Kxh7 42. Rf2 Qg4+ 43. Kh1 Qe4+ 44. Kg1 Qe1+ 45. Kg2 Qe4+ 46. Kg1
Qe1+ 47. Kg2 f5 48. Re2 Qd1 49. Qf7+ Kh6 50. Qf8+ Kg5 51. Qe7+ Kg4 52. Qxe5 Qd3
53. Kh2 Qh3+ 54. Kg1 Nd3 55. Qxd4+ Nf4 56. Rf2 Qg3+ 57. Kf1 g5 58. Qd1+ Kh4 59.
Qf3 Qxf3 60. Rxf3 Kg4 61. Rc3 Nd5 62. Rd3 Nf4 63. Rd6 Kf3 64. Rxb6 g4 65. Rf6
Ke4 66. b6 1-0

[Event "Russian Cup Final KO"]
[Site "Magnitogorsk RUS"]
[Date "2011.11.13"]
[Round "1.1"]
[White "Kovalenko, Igor"]
[Black "Kokarev, Dmitry"]
[Result "1-0"]
[WhiteTitle "GM"]
[BlackTitle "GM"]
[WhiteElo "2584"]
[BlackElo "2619"]
[WhiteFideId "14117908"]
[BlackFideId "4132181"]
[EventDate "2011.11.13"]

1. d4 Nf6 2. c4 g6 3. Nc3 Bg7 4. e4 d6 5. Be2 O-O 6. Nf3 e5 7. Be3 Nbd7 8. O-O
Re8 9. d5 Nh5 10. g3 Bf8 11. Kh1 Ng7 12. g4 Nc5 13. Rg1 a5 14. a3 h5 15. gxh5
Nxh5 16. Nxe5 Rxe5 17. Bxh5 Qh4 18. Bxg6 fxg6 19. Rxg6+ Kf7 20. Qf3+ Kxg6 21.
Rg1+ 1-0

[Event "Russian Cup Final KO"]
[Site "Magnitogorsk RUS"]
[Date "2011.11.13"]
[Round "1.1"]
[White "Polschikov, Alexey"]
[Black "Zvjaginsev, Vadim"]
[Result "0-1"]
[WhiteTitle "FM"]
[BlackTitle "GM"]
[WhiteElo "2390"]
[BlackElo "2680"]
[WhiteFideId "24130583"]
[BlackFideId "4113403"]
[EventDate "2011.11.13"]

1. d4 g6 2. c4 Bg7 3. Nc3 c5 4. d5 d6 5. e4 Nf6 6. Nf3 O-O 7. h3 Nh5 8. Nh2 e6
9. Be2 Nf6 10. O-O exd5 11. exd5 Re8 12. Nf3 Bf5 13. Nh4 Ne4 14. Nxf5 gxf5 15.
Bd3 Nd7 16. Ne2 Qh4 17. Bf4 Be5 18. Qc1 Kh8 19. f3 Rg8 20. fxe4 Qxh3 21. g3 Bd4+
22. Rf2 Ne5 23. Nxd4 Nxd3 24. Qe3 Nxf2 25. Qxf2 cxd4 26. Qxd4+ Rg7 27. exf5 Re8
28. Qd3 f6 29. Rf1 Rge7 0-1

[Event "Russian Cup Final KO"]
[Site "Magnitogorsk RUS"]
[Date "2011.11.13"]
[Round "1.1"]
[White "Smirnov, Pavel"]
[Black "Ponkratov, Pavel"]
[Result "1/2-1/2"]
[WhiteTitle "GM"]
[BlackTitle "GM"]
[WhiteElo "2597"]
[BlackElo "2611"]
[WhiteFideId "4123425"]
[BlackFideId "4157800"]
[EventDate "2011.11.13"]

1. d4 d5 2. c4 c6 3. Nc3 Nf6 4. e3 g6 5. Nf3 Bg7 6. Be2 O-O 7. O-O dxc4 8. Bxc4
Nbd7 9. h3 c5 10. Re1 e6 11. e4 cxd4 12. Nxd4 Nb6 13. Bb3 Nfd7 14. Be3 Qe7 15.
Ndb5 Ne5 16. Qe2 Qb4 17. Rad1 Bd7 18. Nd6 Nc8 19. Nxc8 Bxc8 20. f4 Nc6 21. e5
Na5 22. Ba4 b6 23. Rd4 Qe7 24. b4 Nb7 25. Ne4 Nd8 26. Qd2 a5 27. Rd1 Bb7 28.
bxa5 Rxa5 29. Bb3 Bxe4 30. Rxe4 Nb7 31. Qb4 Nc5 32. Qxb6 Rfa8 33. Red4 Bf8 34.
Rd8 Kg7 35. Rxa8 Rxa8 36. Kh2 h5 37. Rc1 Nxb3 38. Rc7 Qd8 39. axb3 Kg8 40. Rb7
Qxb6 41. Rxb6 Rc8 42. b4 Rc3 43. Bf2 Bh6 44. Rb8+ Kh7 45. g3 h4 46. Kg2 hxg3 47.
Bxg3 g5 48. fxg5 Bxg5 49. b5 Rb3 50. h4 Be3 51. h5 Kh6 52. Rh8+ Kg7 53. Rb8 Kh6
54. Rh8+ 1/2-1/2

[Event "Russian Cup Final KO"]
[Site "Magnitogorsk RUS"]
[Date "2011.11.14"]
[Round "1.2"]
[White "Zvjaginsev, Vadim"]
[Black "Polschikov, Alexey"]
[Result "1-0"]
[WhiteTitle "GM"]
[BlackTitle "FM"]
[WhiteElo "2680"]
[BlackElo "2390"]
[WhiteFideId "4113403"]
[BlackFideId "24130583"]
[EventDate "2011.11.13"]

1. e4 c5 2. Nf3 Nc6 3. Bb5 e6 4. O-O Nge7 5. Re1 a6 6. Bf1 d5 7. d3 g6 8. e5 Bg7
9. c3 O-O 10. g3 Bd7 11. Bf4 h6 12. h4 f6 13. Nbd2 Kh7 14. exf6 Rxf6 15. Bd6 b6
16. Be5 Nxe5 17. Nxe5 Qc7 18. f4 Nf5 19. Qg4 Raf8 20. Ndf3 Be8 21. Qh3 Kh8 22.
Qh2 b5 23. Ng4 Nxg3 24. Qxg3 Rxf4 25. Bg2 h5 26. Nge5 R8f5 27. Re2 d4 28. cxd4
cxd4 29. Nxg6+ Bxg6 30. Qxg6 Rg4 31. Ng5 1-0

[Event "Russian Cup Final KO"]
[Site "Magnitogorsk RUS"]
[Date "2011.11.14"]
[Round "1.2"]
[White "Onischuk, Vladimir"]
[Black "Khismatullin, Denis"]
[Result "0-1"]
[WhiteTitle "IM"]
[BlackTitle "GM"]
[WhiteElo "2518"]
[BlackElo "2660"]
[WhiteFideId "14114038"]
[BlackFideId "4142578"]
[EventDate "2011.11.13"]

1. e4 c5 2. Nf3 d6 3. d4 cxd4 4. Nxd4 Nf6 5. Nc3 a6 6. Be2 e5 7. Nb3 Be7 8. Bg5
Be6 9. Bxf6 Bxf6 10. Qd3 O-O 11. O-O-O Be7 12. Kb1 Nd7 13. g3 Rc8 14. f4 b5 15.
Qf3 Nb6 16. h4 Qc7 17. Bd3 exf4 18. gxf4 Na4 19. Nxa4 bxa4 20. Nd4 Rb8 21. b3
axb3 22. cxb3 Bf6 23. e5 dxe5 24. Qe4 Rfd8 25. Nxe6 fxe6 26. Qxh7+ Kf8 27. Rhg1
e4 28. Qh8+ Kf7 29. Qh5+ Ke7 30. Rc1 Qd6 31. Bxe4 Rb5 32. Qd1 Qxf4 33. Qc2 Rd7
34. a4 Rxb3+ 35. Qxb3 Qxe4+ 36. Ka2 Rd2+ 37. Ka3 Rd3 38. Rc7+ Kf8 39. Rc8+ Kf7
40. Rc7+ Kg8 0-1

[Event "Russian Cup Final KO"]
[Site "Magnitogorsk RUS"]
[Date "2011.11.14"]
[Round "1.2"]
[White "Matlakov, Maxim"]
[Black "Geller, Jakov"]
[Result "1-0"]
[WhiteTitle "GM"]
[BlackTitle "IM"]
[WhiteElo "2632"]
[BlackElo "2563"]
[WhiteFideId "4168003"]
[BlackFideId "4151984"]
[EventDate "2011.11.13"]

1. c4 e6 2. Nf3 d5 3. g3 dxc4 4. Qa4+ c6 5. Qxc4 b5 6. Qc2 Bb7 7. Bg2 Nf6 8. O-O
a6 9. Nc3 Nbd7 10. a4 Qb6 11. d3 c5 12. axb5 axb5 13. Rxa8+ Bxa8 14. Qb3 b4 15.
Nd1 Be7 16. Ne3 O-O 17. Nc4 Qb5 18. Qc2 Nb6 19. Nxb6 Qxb6 20. Ne5 Bxg2 21. Kxg2
h6 22. Nc4 Qb7+ 23. f3 Nd5 24. e4 Nb6 25. Na5 Qd7 26. Be3 Qb5 27. Nb3 Nd7 28.
Rc1 Rd8 29. d4 Rc8 30. dxc5 Ne5 31. Bd4 Nc6 32. Bf2 Bf6 33. f4 e5 34. Rd1 exf4
35. gxf4 Ra8 36. e5 Be7 37. Qe4 Bf8 38. Nd4 Nxd4 39. Qxa8 Nc6 40. Rd6 Qe2 41.
Qxc6 Bxd6 42. cxd6 1-0

[Event "Russian Cup Final KO"]
[Site "Magnitogorsk RUS"]
[Date "2011.11.14"]
[Round "1.2"]
[White "Maletin, Pavel"]
[Black "Aleksandrov, Aleksej"]
[Result "1-0"]
[WhiteTitle "GM"]
[BlackTitle "GM"]
[WhiteElo "2568"]
[BlackElo "2626"]
[WhiteFideId "4146786"]
[BlackFideId "13500139"]
[EventDate "2011.11.13"]

1. c4 e6 2. Nf3 d5 3. d4 Nf6 4. Nc3 Bb4 5. cxd5 exd5 6. Bg5 h6 7. Bh4 c5 8. e3
c4 9. Nd2 g5 10. Bg3 Nc6 11. Be2 Bf5 12. h4 Rg8 13. hxg5 hxg5 14. Rc1 a6 15. O-O
b5 16. a4 Rh8 17. axb5 axb5 18. Nxb5 Ra2 19. Nxc4 dxc4 20. Rxc4 Ne4 21. Rxc6
Rxb2 22. Be5 f6 23. Bh5+ Kf8 24. Qf3 Qd7 25. Rc7 Qxb5 26. Rf7+ Kg8 27. Qxf5
Qxf1+ 28. Kxf1 Rxf2+ 29. Qxf2 Nxf2 30. Rxf6 Rxh5 31. Kxf2 Be7 32. Ra6 Rh1 33.
Bf6 Bxf6 34. Rxf6 Kg7 35. Rf5 Kg6 36. g4 Rh4 37. Kg3 Rh1 38. Ra5 Kf6 39. Ra6+
Kf7 40. Kf3 Rh3+ 41. Ke4 Rg3 42. Kf5 Rxe3 43. Kxg5 Rd3 44. Rf6+ Kg7 45. Rf4 Rd1
46. Kf5 Kf7 47. g5 Kg7 48. Ke6 Kg6 49. d5 Re1+ 50. Kd7 Kxg5 51. Rf2 1-0

[Event "Russian Cup Final KO"]
[Site "Magnitogorsk RUS"]
[Date "2011.11.14"]
[Round "1.2"]
[White "Kokarev, Dmitry"]
[Black "Kovalenko, Igor"]
[Result "1-0"]
[WhiteTitle "GM"]
[BlackTitle "GM"]
[WhiteElo "2619"]
[BlackElo "2584"]
[WhiteFideId "4132181"]
[BlackFideId "14117908"]
[EventDate "2011.11.13"]

1. c4 e6 2. g3 d5 3. Bg2 Nf6 4. Nf3 c5 5. O-O Nc6 6. cxd5 exd5 7. d4 Be7 8. Nc3
O-O 9. Bg5 cxd4 10. Nxd4 h6 11. Be3 Re8 12. Rc1 Bg4 13. h3 Bh5 14. Nf5 Bf8 15.
g4 Bg6 16. Nxd5 Bxf5 17. gxf5 Re5 18. Nxf6+ Qxf6 19. Qb3 Na5 20. Qd3 Rxf5 21.
Rfd1 Rh5 22. Qd4 Qxd4 23. Bxd4 Nc6 24. Bxc6 bxc6 25. Rxc6 Rxh3 26. Ra6 Rh4 27.
e3 Rg4+ 28. Kf1 Kh7 29. Ke2 Rg6 30. Ra5 a6 31. Bc3 Rb8 32. a3 Be7 33. e4 Re6 34.
Ke3 Bd8 35. Rf5 Bb6+ 36. Kf3 Rb7 37. Rfd5 Rbe7 38. Rd6 Rxd6 39. Rxd6 Re6 40. Rd5
g5 41. a4 Kg6 42. a5 Bc7 43. b4 1-0

[Event "Russian Cup Final KO"]
[Site "Magnitogorsk RUS"]
[Date "2011.11.14"]
[Round "1.2"]
[White "Dvoirys, Semen I."]
[Black "Andriasian, Zaven"]
[Result "0-1"]
[WhiteTitle "GM"]
[BlackTitle "GM"]
[WhiteElo "2592"]
[BlackElo "2619"]
[WhiteFideId "4100379"]
[BlackFideId "13302000"]
[EventDate "2011.11.13"]

1. e4 c5 2. Nf3 d6 3. d4 cxd4 4. Nxd4 Nf6 5. Nc3 a6 6. g3 e5 7. Nb3 Be7 8. Bg2
b5 9. Bg5 Bg4 10. f3 Be6 11. f4 h6 12. Bxf6 Bxf6 13. f5 Bc8 14. a4 b4 15. Nd5 a5
16. Nxf6+ gxf6 17. O-O Qb6+ 18. Kh1 Ba6 19. Qd5 Bb7 20. Qd2 Nd7 21. Rfd1 Ke7 22.
c3 bxc3 23. Qxc3 Rhc8 24. Qd3 Ba6 25. Qd2 Bb7 26. Qd3 Qb4 27. h4 Rc4 28. Rac1
Rac8 29. Kh2 Ba6 30. Ra1 Qb6 31. Qf3 Rc2 32. Nd2 Qxb2 33. Qe3 R8c3 34. Qxh6 Rd3
35. Rab1 Rdxd2 0-1

[Event "Russian Cup Final KO"]
[Site "Magnitogorsk RUS"]
[Date "2011.11.14"]
[Round "1.2"]
[White "Ponkratov, Pavel"]
[Black "Smirnov, Pavel"]
[Result "1/2-1/2"]
[WhiteTitle "GM"]
[BlackTitle "GM"]
[WhiteElo "2611"]
[BlackElo "2597"]
[WhiteFideId "4157800"]
[BlackFideId "4123425"]
[EventDate "2011.11.13"]

1. e4 e5 2. Nf3 Nc6 3. Bb5 a6 4. Ba4 Nf6 5. O-O Be7 6. Re1 b5 7. Bb3 O-O 8. d3
d6 9. a3 Be6 10. Bxe6 fxe6 11. c3 Qe8 12. d4 Qg6 13. Qe2 Nh5 14. dxe5 Nxe5 15.
Nxe5 dxe5 16. Be3 Nf4 17. Bxf4 Rxf4 18. f3 Bc5+ 19. Kh1 Rh4 20. Nd2 Rxh2+ 21.
Kxh2 Qh6+ 22. Kg3 Rf8 23. Rh1 Qg5+ 24. Kh3 Qh6+ 25. Kg3 Qg5+ 26. Kh3 Qh6+ 1/2-1/2

[Event "Russian Cup Final KO"]
[Site "Magnitogorsk RUS"]
[Date "2011.11.14"]
[Round "1.2"]
[White "Amonatov, Farrukh"]
[Black "Bocharov, Dmitry"]
[Result "1/2-1/2"]
[WhiteTitle "GM"]
[BlackTitle "GM"]
[WhiteElo "2609"]
[BlackElo "2609"]
[WhiteFideId "14700077"]
[BlackFideId "4138716"]
[EventDate "2011.11.13"]

1. e4 c5 2. Nf3 e6 3. d4 cxd4 4. Nxd4 a6 5. Nc3 Qc7 6. Bd3 Nf6 7. f4 d6 8. Qf3
b5 9. g4 Bb7 10. g5 Nfd7 11. Be3 Nc5 12. a3 Nbd7 13. h4 e5 14. Nde2 f5 15. gxf6
Nxf6 16. Ng3 O-O-O 17. O-O-O Kb8 18. Kb1 Be7 19. Rhf1 d5 20. fxe5 dxe4 21. Ngxe4
Nfxe4 22. Nxe4 Rhf8 23. Qg4 Rxf1 24. Rxf1 Nxd3 25. cxd3 Rxd3 26. Rc1 Rxe3 27.
Rxc7 Bxe4+ 28. Kc1 Kxc7 29. Qxg7 Kd8 30. Qg8+ Kc7 31. Qf7 Kd8 32. Qf4 Bc5 33.
Qf6+ Kc7 34. b4 Bb6 35. e6 Bc6 36. Qe7+ Kc8 37. h5 h6 38. Qf8+ Kc7 39. Qf4+ Kc8
40. Qf8+ Kc7 41. Qe7+ Kc8 42. Qf8+ Kc7 43. Qf4+ Kc8 44. Qxh6 Re1+ 45. Kd2 Be3+
46. Qxe3 Rxe3 47. Kxe3 Be8 48. h6 Bg6 49. Kd4 Kd8 50. Kc5 Ke7 51. Kb6 Kxe6 52.
Kxa6 Bd3 53. h7 1/2-1/2

[Event "Russian Cup Final KO"]
[Site "Magnitogorsk RUS"]
[Date "2011.11.14"]
[Round "1.3"]
[White "Geller, Jakov"]
[Black "Matlakov, Maxim"]
[Result "1/2-1/2"]
[WhiteTitle "IM"]
[BlackTitle "GM"]
[WhiteElo "2563"]
[BlackElo "2632"]
[WhiteFideId "4151984"]
[BlackFideId "4168003"]
[EventDate "2011.11.13"]

1. e4 e6 2. d4 d5 3. exd5 exd5 4. Bd3 Bd6 5. Nf3 Nf6 6. O-O O-O 7. Bg5 Bg4 8.
Nbd2 Nbd7 9. c3 c6 10. Re1 Qc7 11. Qc2 Rfe8 12. Bh4 Bh5 13. Bg3 Bxg3 14. hxg3
Bg6 15. Bxg6 hxg6 16. Qd3 Qd6 1/2-1/2

[Event "Russian Cup Final KO"]
[Site "Magnitogorsk RUS"]
[Date "2011.11.14"]
[Round "1.3"]
[White "Smirnov, Pavel"]
[Black "Ponkratov, Pavel"]
[Result "1-0"]
[WhiteTitle "GM"]
[BlackTitle "GM"]
[WhiteElo "2597"]
[BlackElo "2611"]
[WhiteFideId "4123425"]
[BlackFideId "4157800"]
[EventDate "2011.11.13"]

1. d4 Nf6 2. c4 e6 3. g3 c5 4. Nf3 cxd4 5. Nxd4 d5 6. Bg2 e5 7. Nf3 d4 8. O-O
Nc6 9. e3 Be6 10. exd4 exd4 11. Nbd2 Be7 12. a3 a5 13. Ng5 Bf5 14. Qb3 Qd7 15.
Nge4 Nxe4 16. Nxe4 O-O 17. Bf4 a4 18. Qd1 Rfe8 19. Re1 Na5 20. Nd2 Be6 21. Rc1
Rac8 22. Qf3 b5 23. cxb5 Qxb5 24. Rxc8 Rxc8 25. Re5 Qb6 26. Bf1 Qd8 27. Ne4 Nc4
28. Rb5 Qd7 29. Rb7 Qd8 30. Rb5 Qe8 31. Rb7 Rd8 32. Rc7 Nb6 33. Ng5 Bb3 34. Qd3
g6 35. Rb7 Nd5 36. Bd2 Qc6 37. Ra7 Qc5 38. Ra5 Qb6 39. Ra6 Qb7 40. Qf3 Rf8 41.
Ne4 Kg7 42. Qd3 f5 43. Qxd4+ Kg8 44. Bh6 Rf7 45. Nd6 Bxd6 46. Rxd6 Rd7 47. Qe5 1-0

[Event "Russian Cup Final KO"]
[Site "Magnitogorsk RUS"]
[Date "2011.11.14"]
[Round "1.3"]
[White "Kovalenko, Igor"]
[Black "Kokarev, Dmitry"]
[Result "0-1"]
[WhiteTitle "GM"]
[BlackTitle "GM"]
[WhiteElo "2584"]
[BlackElo "2619"]
[WhiteFideId "14117908"]
[BlackFideId "4132181"]
[EventDate "2011.11.13"]

1. d4 Nf6 2. c4 g6 3. Nc3 Bg7 4. e4 d6 5. Be2 O-O 6. Nf3 e5 7. O-O Nbd7 8. Be3
Re8 9. d5 Nh5 10. g3 Bf8 11. Kh1 Be7 12. b4 a5 13. a3 Ng7 14. Qb3 f5 15. c5 Nf6
16. cxd6 Bxd6 17. Bg5 h6 18. Bxh6 Nxe4 19. Bb5 Bd7 20. Bxd7 Qxd7 21. Bxg7 Nxc3
22. Qxc3 Qxg7 23. Qc4 e4 24. Nd4 Qe5 25. Rae1 axb4 26. axb4 Ra4 27. Nc2 Kg7 28.
f4 Qe7 29. Ra1 Rea8 30. Rxa4 Rxa4 31. Qb3 Ra8 32. Nd4 Qf6 33. Ne6+ Kf7 34. Kg2
Ra1 35. Rxa1 Qxa1 36. Nd8+ Ke7 37. Nxb7 Qe1 38. Qc2 Qxb4 39. Nxd6 Qxd6 40. Qc4
Qb6 41. g4 Qd6 42. gxf5 gxf5 43. Kg3 Kd8 44. Qb5 Qg6+ 45. Kf2 Qh6 46. Qb8+ Kd7
47. Qb5+ Kd8 48. Qb8+ Kd7 49. Qb5+ Ke7 50. Qc5+ Qd6 51. Qc1 Kd7 52. Qd2 Qh6 53.
Ke3 Qb6+ 54. Ke2 Qg1 55. Qc3 Qxh2+ 56. Ke1 Qh1+ 57. Kd2 Qh2+ 58. Ke1 Qh4+ 59.
Ke2 Qg4+ 60. Ke1 Qxf4 61. Qc6+ Ke7 62. Qe6+ Kf8 63. Qf6+ Kg8 64. Ke2 Qf3+ 65.
Ke1 Qe3+ 66. Kf1 Qd3+ 67. Kf2 Qxd5 68. Ke3 Qd3+ 69. Kf2 e3+ 70. Kg2 Qe4+ 71. Kf1
Qf3+ 72. Kg1 Qg4+ 73. Kf1 Qc4+ 74. Kg1 f4 75. Kg2 Qd5+ 76. Kh3 Qd7+ 0-1

[Event "Russian Cup Final KO"]
[Site "Magnitogorsk RUS"]
[Date "2011.11.14"]
[Round "1.4"]
[White "Matlakov, Maxim"]
[Black "Geller, Jakov"]
[Result "1-0"]
[WhiteTitle "GM"]
[BlackTitle "IM"]
[WhiteElo "2632"]
[BlackElo "2563"]
[WhiteFideId "4168003"]
[BlackFideId "4151984"]
[EventDate "2011.11.13"]

1. c4 e6 2. Nf3 d5 3. g3 dxc4 4. Qa4+ c6 5. Qxc4 b5 6. Qc2 Bb7 7. Bg2 a6 8. O-O
Nf6 9. Nc3 Nbd7 10. a4 Be7 11. Rd1 O-O 12. d4 Rc8 13. Ne5 Qb6 14. Bg5 Rfe8 15.
Nxd7 Nxd7 16. Bxe7 Rxe7 17. Ne4 c5 18. Nxc5 Bxg2 19. Kxg2 Qc6+ 20. Qe4 Qxe4+ 21.
Nxe4 f5 22. Ng5 h6 23. Nf3 bxa4 24. Rxa4 Rb8 25. Rd2 Rb6 26. Rc2 Kf7 27. Rc7 Kf6
28. e3 g5 29. Nd2 Rxb2 30. Nc4 Rc2 31. Rxa6 Nb8 32. Raa7 Rxc7 33. Rxc7 Na6 34.
Ra7 Rxc4 35. Rxa6 Kf7 36. h3 h5 37. g4 fxg4 38. hxg4 e5 39. gxh5 exd4 40. e4 d3
41. Kf3 Rd4 42. Ra1 d2 43. Rd1 Rd3+ 44. Ke2 Rh3 45. Rxd2 Rxh5 46. Rd5 Kf6 47.
Rf5+ Kg6 48. Ke3 Rh1 49. Ra5 Rb1 50. Ra6+ Kf7 51. Kf3 Rb4 52. Ra5 Kf6 53. Ra6+
Kf7 54. Ra3 Kf6 55. Ke3 Rb1 56. Rc3 Ra1 57. f3 Ra2 58. Kd4 Ra4+ 59. Kd5 Ra5+ 60.
Kd4 Ra4+ 61. Ke3 Ra2 62. Rc6+ Kf7 63. Kd4 Rf2 64. Ke3 Ra2 65. e5 Ra3+ 66. Ke4
Ra4+ 67. Kd5 Ra3 68. Rf6+ Ke7 69. Ke4 Rb3 70. Rg6 Rb4+ 71. Ke3 Rb3+ 72. Kf2 Rb5
73. Rxg5 Ke6 74. f4 Rb3 75. Rg3 Rb1 76. Kf3 Kd5 77. Kg4 Ke4 78. Rg2 Rf1 79. Re2+
Kd3 80. Ra2 Ke3 81. Ra3+ 1-0

[Event "Russian Cup Final KO"]
[Site "Magnitogorsk RUS"]
[Date "2011.11.14"]
[Round "1.4"]
[White "Ponkratov, Pavel"]
[Black "Smirnov, Pavel"]
[Result "0-1"]
[WhiteTitle "GM"]
[BlackTitle "GM"]
[WhiteElo "2611"]
[BlackElo "2597"]
[WhiteFideId "4157800"]
[BlackFideId "4123425"]
[EventDate "2011.11.13"]

1. e4 e5 2. Nf3 Nc6 3. Bc4 Bc5 4. c3 Nf6 5. d4 exd4 6. cxd4 Bb4+ 7. Nbd2 d5 8.
exd5 Nxd5 9. Qe2+ Be7 10. O-O O-O 11. Bb5 Ndb4 12. a3 Nc2 13. Bxc6 bxc6 14. Ra2
Be6 15. b3 Nxd4 16. Nxd4 Qxd4 17. Rc2 Bd6 18. Nc4 Bd5 19. Bb2 Qe4 20. Ne3 Rae8
21. Rd2 Qh4 22. h3 Qf4 23. g3 Qe4 24. Kh2 f5 25. Rd4 Qg2+ 26. Nxg2 Rxe2 27. Bc1
Bc5 28. Rd2 Rxd2 29. Bxd2 Bxb3 30. Rc1 Bxa3 31. Rc3 Bb4 32. Rxb3 Bxd2 33. Rb7
Ra8 34. Rxc7 a5 35. Nh4 g6 36. Nf3 Bc3 37. Rxc6 Bg7 38. Ng5 a4 39. Rc7 a3 40.
Ne6 Be5 0-1